Filamentous Bacteriophage in Bio/Nano/Technology, Bacterial Pathogenesis and Ecology (Record no. 22327)
[ view plain ]
| 000 -LEADER | |
|---|---|
| fixed length control field | 00668nam a2200133Ia 4500 |
| 008 - FIXED-LENGTH DATA ELEMENTS--GENERAL INFORMATION | |
| fixed length control field | 220620s9999||||xx |||||||||||||| ||und|| |
| 022 ## - INTERNATIONAL STANDARD SERIAL NUMBER | |
| International Standard Serial Number | 16648714 |
| 100 ## - MAIN ENTRY--PERSONAL NAME | |
| Personal name | Bhabatosh Das||Jasna Rakonjac||Ratmir Derda |
| 245 #0 - TITLE STATEMENT | |
| Title | Filamentous Bacteriophage in Bio/Nano/Technology, Bacterial Pathogenesis and Ecology |
| 546 ## - LANGUAGE NOTE | |
| Language note | English[eng] |
| 650 ## - SUBJECT ADDED ENTRY--TOPICAL TERM | |
| Topical term or geographic name entry element | pathogenic bacteria||filamentous bacteriophage||phage display||Glioblastoma||Liposome||Vaccine||microbial communities||dip-stick||chemical modification||Nanorods |
| 856 ## - ELECTRONIC LOCATION AND ACCESS | |
| Uniform Resource Identifier | <a href="http://journal.frontiersin.org/researchtopic/2352/filamentous-bacteriophage-in-bionanotechnology-bacterial-pathogenesis-and-ecology">http://journal.frontiersin.org/researchtopic/2352/filamentous-bacteriophage-in-bionanotechnology-bacterial-pathogenesis-and-ecology</a> |
| 942 ## - ADDED ENTRY ELEMENTS (KOHA) | |
| Koha item type | E-Books |
| Withdrawn status | Lost status | Damaged status | Not for loan | Home library | Current library | Date acquired | Total Checkouts | Date last seen | Price effective from | Koha item type |
|---|---|---|---|---|---|---|---|---|---|---|
| Kerala University of Digital Sciences, Innovation and Technology Knowledge Centre | Kerala University of Digital Sciences, Innovation and Technology Knowledge Centre | 20/06/2022 | 20/06/2022 | 20/06/2022 | E-Books |